000 00587nam a22002057a 4500
003 BUBTL
008 200205b xxu||||| |||| 00| 0 eng d
020 _a978-0-19-806230-1
082 _a338.5/SAP
100 _aSalvatore,Dominick
_92997
245 _aPrinciples of Microeconomics
_bDominick Salvatore
250 _a5th
260 _aNew Delhi
_bOxford University Press
_c2009
300 _axxxiv , 633p . :
_bill , Table ; 25cm.
500 _aIncludes Index
650 _aEconomics
_92998
856 _k0
_l0
_yDownload
942 _2ddc
_cBK
999 _c6267
_d6267